000 00560cab a2200217 4500
001 WB3201-27
008 090401t1995 xxu||||| |||| 00| 0 eng d
035 _a(Sirsi) u9825
041 _aeng
245 _aHow to buy a happy home
260 _c1995
350 _a0
490 _aFinancial Times
_v16 December 1995, ix(1)
520 _aComments on the `feng shui` philosophy in attracting south east asian clients.
650 _aFENG SHUI
650 _aHONG KONG
650 _aLOCAL CUSTOMS
690 _aHOUSING
942 _n0
948 _c04/03/1997
999 _c6180
_d6180